Telecommunication Switching Systems & Networks (Record no. 20926)

MARC details
000 -LEADER
fixed length control field 00347nam a22001337a 4500
008 - FIXED-LENGTH DATA ELEMENTS--GENERAL INFORMATION
fixed length control field 240924b |||||||| |||| 00| 0 eng d
020 ## - INTERNATIONAL STANDARD BOOK NUMBER
ISBN 81-203-0713-5
100 ## - MAIN ENTRY--AUTHOR NAME
Personal name T Vishwanathan
245 ## - TITLE STATEMENT
Title Telecommunication Switching Systems & Networks
260 ## - PUBLICATION, DISTRIBUTION, ETC. (IMPRINT)
Place of publication New Delhi
Name of publisher Prentice Hall
Year of publication 1998
300 ## - PHYSICAL DESCRIPTION
Number of Pages 582
650 ## - SUBJECT ADDED ENTRY--TOPICAL TERM
Topical Term BB- ECE
942 ## - ADDED ENTRY ELEMENTS (KOHA)
Source of classification or shelving scheme Dewey Decimal Classification
Koha item type Books
Holdings
Accession Number Source of acquisition Price effective from Koha item type Withdrawn / writtenoff status Damaged status Not for loan Permanent Location Current Location Shelving location Date acquired Lost/ Missing status department
BB 1493 Donated By Dr. Ashok Kumar, Dean Academic affairs 09/24/2024 Books       MIET Library, Jammu MIET Library, Jammu 73/5 09/03/2024   BB